LEADER 01155nam a2200265 i 4500 001 000000145338 003 CaOOAMICUS 005 20051123000000.0 008 051123s1994 it u000 u ita u 013 $a120730 020 $a88-10-50170-5 040 $aSeMil$bita 100 1 $aNervo, Giovanni .$0(OLS)http://semarc/name/49353 245 13$aIl consenso democratico rafforza le disuguaglianze? :$briflessioni sulle politiche sociali /$cGiovanni Nervo. 260 $aBologna :$bEDB,$ccopyr. 1994. 300 $a137 p. ;$c19 cm. 490 0 $aCammini di Chiesa ;$v20 650 4$aPolitica sociale.$0(OLS)http://semarc/subject/19682 830 0$aCammini di Chiesa ;$v20.$0(OLS)http://semarc/title/9951 850 $aSeMil 852 $aSeMil$W1$xVenegono$y1$m3N VI 467$j98135$B98135$CSeMilBibl$Z2$F106065 $81 961 $aRecupero: Seminario di Seveso 996 $6020$a88-10-50170-5$9(OLS)http://semarc/number/133799 996 $6245$aIl consenso democratico rafforza le disuguaglianze? :$briflessioni sulle politiche sociali$9(OLS)http://semarc/title/212575 996 $6260$aBologna :$bEDB$9(OLS)http://semarc/publisher/29669 LEADER 00943nam a2200217 i 4500 001 000000054913 003 CaOOAMICUS 005 20140807000000.0 008 140807s1896 it u000 u ita u 013 $a26085 040 $aSeMil$bita 100 1 $aCapecelatro, Alfonso,$c.$0(OLS)http://semarc/name/89171 245 10$aCompendio della vita di Gesù Cristo /$cAlfonso Capecelatro. 260 $aRoma :$bTipografia liturgica di San Giovanni Desclée, Lefebvre e C.,$c1896. 300 $a445 p. ;$c19 cm. 650 4$aGesù Cristo - Vita.$0(OLS)http://semarc/subject/415 850 $aSeMil 852 $aSeMil$W1$xVenegono$y1$m2X VII 29 FA$j21067$B21067$CSeMilBibl$Z2$F21069 $8I 961 $aOmaggio: Deposito 996 $6245$aCompendio della vita di Gesù Cristo$9(OLS)http://semarc/title/85112 996 $6260$aRoma :$bTipografia liturgica di San Giovanni Desclée, Lefebvre e C.$9(OLS)http://semarc/publisher/41753